WordPerfect 5.1 : (Record no. 12060)
[ view plain ]
| 000 -LEADER | |
|---|---|
| fixed length control field | 00425cam a2200157 a 4500 |
| 020 ## - INTERNATIONAL STANDARD BOOK NUMBER | |
| ISBN | 0078816343 : |
| 040 ## - CATALOGING SOURCE | |
| Transcribing agency | DLC |
| 082 00 - DEWEY DECIMAL CLASSIFICATION NUMBER | |
| Classification number | 652 OSB 1990 A041 Or. |
| 100 1# - MAIN ENTRY--AUTHOR NAME | |
| Personal name | Acerson, Karen L. |
| 245 10 - TITLE STATEMENT | |
| Title | WordPerfect 5.1 : |
| Remainder of title | the complete reference / |
| 260 ## - PUBLICATION, DISTRIBUTION, ETC. (IMPRINT) | |
| Place of publication | Berkeley, Calif. : |
| Name of publisher | Osborne McGraw-Hill, |
| Year of publication | c1990. |
| 300 ## - PHYSICAL DESCRIPTION | |
| Number of Pages | xlii, 1327 p. ; |
| Dimensions | 23 cm. |
| 500 ## - GENERAL NOTE | |
| General note | Includes index. |
| 650 #0 - SUBJECT ADDED ENTRY--TOPICAL TERM | |
| Topical Term | Word processing. |
| 942 ## - ADDED ENTRY ELEMENTS (KOHA) | |
| Koha item type | សៀវភៅភាសាអង់គ្លេស |
| 952 ## - LOCATION AND ITEM INFORMATION (KOHA) | |
| Withdrawn status [LOCAL, KOHA] | 0 |
| Permanent Location | Date acquired | Koha item type | Lost status | Shelving location | Barcode | Current Location | Full call number |
|---|---|---|---|---|---|---|---|
| Library Block A | 2017-08-09 | សៀវភៅភាសាអង់គ្លេស | A041 | A16397 | Library Block A | 652 OSB 1990 A041 Or. |